00932cam a22002531i 4500001001300000003000400013005001700017008004100034010001700075025002100092035001900113040002300132041001100155050001900166110004200185245020200227250001300429260002200442300005600464500007100520500002800591650003900619700002000658sa 65009244 DLC20260227112200.0801125s1962 io ab l000 0 ind  asa 65009244  aPL480: Indo-1927 a(OCoLC)6973638 aDLCcNICdNICdDLC0 aindeng00aHN710.D52bA571 aIndonesia.bDjawatan Pekerdjaan Umum.10aRentjana pendahuluan untuk kota Djakarta.cRentjana ini diselesaikan oleh Kenneth Watts, dari United Nations Technical Assistance Administration dengan kerdja sama R. S. Danunagoro, dan L. O'Brien. aTjet. 3. a[Djakarta]c1962. avi, 36 p.billus., maps (3 fold. in pocket)c28 cm. aAt head of title : Pemerintah daerah chusus ibukota Djakarta Raya. aIndonesian and English. 0aCity planningzIndonesiazJakarta.1 aWatts, Kenneth.